[Event "Guba op"]
[Site "Guba"]
[Date "2023.02.07"]
[Round "1"]
[White "Akhmedov, Farid"]
[Black "Hasanov, Yusif"]
[Result "1-0"]
[WhiteElo "2137"]
[BlackElo "1255"]
[PlyCount "71"]
[EventDate "2023.02.07"]
[EventType "swiss"]
[EventRounds "9"]
[EventCountry "AZE"]
[SourceTitle "CBM 212 Extra"]
[Source "ChessBase"]
[SourceDate "2023.03.31"]
[SourceVersion "1"]
[SourceVersionDate "2023.03.31"]
[SourceQuality "1"]

1. d4 d5 2. Nf3 Nf6 3. Bf4 c6 4. e3 Bg4 5. Nbd2 e6 6. Bd3 Bd6 7. h3 Bh5 8. c3 Qc7 9. Qb3 Bxf4 10. exf4 Bxf3 11. Nxf3 Nbd7 12. Ne5 Nxe5 13. fxe5 Nd7 14. Qa3 c5 15. Bb5 0-0 16. Bxd7 Qxd7 17. Qxc5 Rfc8 18. Qb4 a5 19. Qb3 a4 20. Qc2 a3 21. 0-0 b5 22. Qb3 Qc6 23. Rfc1 axb2 24. Qxb2 h6 25. Rab1 Qc4 26. Rc2 Ra5 27. Qb4 Rca8 28. Qxc4 bxc4 29. Rbb2 Ra3 30. f4 Kh7 31. g4 Kg6 32. Kf2 h5 33. Kg3 hxg4 34. hxg4 Rh8 35. Rb6 Re8 36. Kf3 1-0